000 00925nam a2200253Ia 4500
003 OSt
005 20220923211606.0
006 a|||||r|||| 00| 0
007 ta
008 220922b |||||||| |||| 00| 0 pan d
020 _a9789387765078 (hbk)
_c350
024 _a349,502
037 _b172, 15/02/2019, National Book Shop
_cTextual
040 _aARTS
_cARTS
_bpan
041 _2pan
_apan
082 _aO153:g, Q8
100 _aਸਿੰਘ, ਭੁਪਿੰਦਰ, ਥਦ.
_9156313
245 0 _aਪਰਵਾਸੀ ਪੰਜਾਬੀ ਸਾਹਿਤ ਸਿਧਾਂਤਕ ਪਰਿਪੇਖ
260 _aਲੁਧਿਆਨਾ
_b ਲਾਹੌਰ ਬੁੱਕ Fਾਪ
_c2018
300 _a288ਪ੍ਰ0
_ccm.
650 _aਪੰਜਾਬੀ ਸਾਹਿਤ
942 _hO153:g, Q8
_cTEXL
_2CC
999 _c301132
_d301132